Hướng dẫn lập trình Access 97 từ A đến Z : Trình độ trung cấp - cao cấp T.2 /

Làm việc với các tham kết và HTML. Xuất khẩu dữ liệu sang các trang World Wide Web. Tạo các trang Web tự động. Dùng các thành phần OLE 32 bit. Bổ sung đồ hoạ vào các biểu mẫu và báo biểu. Dùng Access với Microsoft Excel...

Đã lưu trong:
書目詳細資料
主要作者: Nguyễn Tiến.
其他作者: Nguyễn Văn Hoài., Đặng Xuân Hường.
格式: 圖書
語言:Vietnamese
出版: Hà Nội : Giáo dục, 1998.
主題:
標簽: 添加標簽
沒有標簽, 成為第一個標記此記錄!
Thư viện lưu trữ: Mạng thư viện Đại học Đà Nẵng
LEADER 01605cam a2200409 i 4500
001 000042569
003 443
005 20030916161633.0
008 010217b1998 vm 000 vie
020 |c 75000 
022 |a T 
040 |a IRC  |c IRC  |d IRC 
041 0 |a vie 
082 1 4 |a 005.711  |b NG-T 
100 1 |a Nguyễn Tiến. 
245 0 0 |a Hướng dẫn lập trình Access 97 từ A đến Z :  |b Trình độ trung cấp - cao cấp  |n T.2 /  |c Nguyễn Tiến, Đặng Xuân Hường, Nguyễn Văn Hoài. 
260 |a Hà Nội :  |b Giáo dục,  |c 1998. 
300 |a 909tr. ;  |c 20,5cm. 
520 3 |a Làm việc với các tham kết và HTML. Xuất khẩu dữ liệu sang các trang World Wide Web. Tạo các trang Web tự động. Dùng các thành phần OLE 32 bit. Bổ sung đồ hoạ vào các biểu mẫu và báo biểu. Dùng Access với Microsoft Excel... 
630 0 4 |a Tin học. 
630 0 4 |a Access. 
630 0 4 |a Computer program. 
650 0 4 |a Microsoft Access (Chương trình máy tính) 
700 1 |a Nguyễn Văn Hoài. 
700 1 |a Đặng Xuân Hường. 
OWN |a DUT 
AVA |a UDN50  |b DUT  |c Book  |d 005.711 NG-T  |e available  |t Error 5001 Not defined in file expand_doc_bib_avail.  |f 1  |g 0  |h N  |i 0  |j SH  |k 1 
999 |a From the UDN01 
AVA |a UDN50  |b DUT  |c Book  |d 005.711 NG-T  |e available  |t Error 5001 Not defined in file expand_doc_bib_avail.  |f 1  |g 0  |h N  |i 0  |j SH  |k 1 
TYP |a Monograph 
TYP |a Printed language 
980 |a Mạng thư viện Đại học Đà Nẵng